|
|
|
|
| LEADER |
00000cam a2200000 7i4500 |
| 001 |
0000000443 |
| 005 |
20020521.0 |
| 020 |
0 |
0 |
|a 185383362
|
| 090 |
0 |
0 |
|a 333.95
|b END 2000
|
| 245 |
0 |
0 |
|a ENDANGERED species: threatened convention :
|b the past,present and future of CITES, the Convention on International Trade in Endangered Species of Wild Fauna and Flora
|c edited by Jon Hutton and Barnabas Dickson
|
| 260 |
0 |
0 |
|a London, UK :
|b Earthscan Pub. ,
|c 2000
|
| 300 |
|
|
|a xx, 202 p. ;
|c 22 cm.
|
| 500 |
0 |
0 |
|a Includes bibliographical references and index
|
| 650 |
0 |
0 |
|a Endangered species
|
| 650 |
0 |
0 |
|a Plant conservation
|
| 650 |
0 |
0 |
|a Wildlife conservation
|
| 700 |
0 |
1 |
|a Dickson
|h Barnabas
|
| 700 |
0 |
1 |
|a Hutton
|h Jon
|
| 710 |
1 |
1 |
|a Convention on International Trade in Endangered Species of Wild Fauna and Flora (CITES)
|
| 998 |
|
|
|a JPSM
|
| 999 |
|
|
|a 0000001544
|b Monograph
|c Open Shelf
|e Default branch
|